Statistiques concernant Pays les moins endettés (2019)

Cliquez ici pour prendre le quiz!

Statistiques générales

  • Ce quiz a été pris 48 fois
  • Le résultat moyen est 4 sur 10

Statistiques - réponses

IndiceDette publique (en % du PIB)Pays% Correct
Europe de l'Est16,49%Russie
60%
Asie du Sud-Est2,8%Brunei
49%
Europe de l'Est8,2%Estonie
49%
Afrique centrale13,49%République Démocratique du Congo
42%
Moyen-Orient15,25%Koweït
40%
Europe balkanique18,18%Kosovo
37%
Afrique australe12,31%Botswana
35%
Afrique australe17,67%Zimbabwe
23%
Océanie10,91%Îles Salomon
16%
Asie centrale7,55%Afghanistan
12%

Distribution des résultats

Percentile par nombre de réponses

% des personnes avec chaque résultat

Votre développement - résultats

Vous n’avez pas pris ce quiz